000 00822nam a22001937a 4500
999 _c60526
_d60526
005 20251125233053.0
008 s2552 th tha d
040 _aNALT
041 _atha
090 _aอศ
_bส272ท 2552
245 1 0 _aที่ระลึกในงานพระราชทานเพลิงศพ พลเรือเอก สมโภช ขมะสุนทร
260 3 _aกรุงเทพฯ :
_bม.ป.พ.,
_c2552
300 _a220 หน้า :
_b ภาพประกอบ ;
_c 30 ซม
600 0 4 _917356
_aสมโภช ขมะสุนทร
_xชีวประวัติ
850 _aNALT
856 4 0 _uhttps://hdl.handle.net/20.500.14156/334935
_71
942 _cCRE
_2local